000
00231nam a2200097Ia 4500
008
170619s9999 xx 000 0 und d
100
_a
Kumar- Senthil
245
0
_a
Microprocessors and Microcontrollers
260
_b
Oxford
260
_c
2011
546
_a
ENGLISH
999
_c
20861
_d
20861